00566 2200157 4500001002100000005001700021035002500038090001900063111006000082245013800142260005100280300003200331650002100363850001200384990001200396YOGYA00000000002917920150302094311.0 a0010-081400000028897 aT 305.56 Pro D aProyek Inventarisasi dan Pembinaan Nilai - nilai Budaya aDisiplin dan tanggung jawab sosial dilingkungan kerja sebuah studi kasus ...cProyek Inventarisasi dan Pembinaan Nilai - nilai Budaya aJakartabDepdikbud Ditjen Kebudayaan ...c1991 aviii, 73 hlm.bilus.c21cm. aLingkungan kerja aYOPDYOG a18063-A